| 000 | 00696nam a2200169Ia 4500 | ||
|---|---|---|---|
| 005 | 20250710124120.0 | ||
| 008 | 250710s9999 xx 000 0 und d | ||
| 020 | _a9781416594192 | ||
| 082 |
_a920.009296 _bGRE |
||
| 100 | _aGreenfield-Sanders, Timothy | ||
| 245 | 4 | _aThe Black List | |
| 260 |
_bAtria _c2008 |
||
| 300 | _a216 pages | ||
| 500 | _aIn "The Black List," 22 prominent African Americans offer their own stories and insights on the struggles, triumphs, and joys of black life in America. This book was created in conjunction with the film of the same name, which will air on HBO in fall 2008. 20 full-color photographs. | ||
| 650 | _aBiography & Autobiography | ||
| 942 | _cENGLISH | ||
| 999 |
_c575390 _d575390 |
||